<?xml version="1.0" encoding="UTF-8"?><?xml-stylesheet type="text/xsl" href="static/style.xsl"?><OAI-PMH xmlns="http://www.openarchives.org/OAI/2.0/" xmlns:xsi="http://www.w3.org/2001/XMLSchema-instance" xsi:schemaLocation="http://www.openarchives.org/OAI/2.0/ http://www.openarchives.org/OAI/2.0/OAI-PMH.xsd"><responseDate>2026-06-01T12:19:02Z</responseDate><request verb="GetRecord" identifier="oai:riuma.uma.es:10630/13358" metadataPrefix="marc">https://riuma.uma.es/rest/oai/request</request><GetRecord><record><header><identifier>oai:riuma.uma.es:10630/13358</identifier><datestamp>2026-02-03T11:41:10Z</datestamp><setSpec>com_10630_2254</setSpec><setSpec>col_10630_37956</setSpec></header><metadata><record xmlns="http://www.loc.gov/MARC21/slim" xmlns:dcterms="http://purl.org/dc/terms/" xmlns:doc="http://www.lyncode.com/xoai" xmlns:xsi="http://www.w3.org/2001/XMLSchema-instance" xsi:schemaLocation="http://www.loc.gov/MARC21/slim http://www.loc.gov/standards/marcxml/schema/MARC21slim.xsd">
   <leader>00925njm 22002777a 4500</leader>
   <datafield ind2=" " ind1=" " tag="042">
      <subfield code="a">dc</subfield>
   </datafield>
   <datafield ind2=" " ind1=" " tag="720">
      <subfield code="a">Cruz-Ruiz, Elena de los Reyes</subfield>
      <subfield code="e">author</subfield>
   </datafield>
   <datafield ind2=" " ind1=" " tag="720">
      <subfield code="a">Ruiz-Romero-de-la-Cruz, Elena María</subfield>
      <subfield code="e">author</subfield>
   </datafield>
   <datafield ind2=" " ind1=" " tag="260">
      <subfield code="c">2016</subfield>
   </datafield>
   <datafield ind2=" " ind1=" " tag="520">
      <subfield code="a">El turismo de cruceros en el mundo es un segmento turístico que cada día tiene más demanda. España se ha sumado al conjunto de países emisores que, en los últimos tiempos gozan de una situación privilegiada en el contexto internacional. En esta investigación se ha analizado la posición del sector cruceros de España en el marco internacional y los destinos que mayor interés despiertan en los cruceristas. El turismo de cruceros en España es un producto “maduro” en expansión. Descubrir las claves de su progreso y observar los buques de cruceros que llegan a los principales puertos, otra de las cuestiones que se abordan en este trabajo, junto a los principales rasgos que definen el perfil del crucerista español.&#xd;
         &#xd;
Cruise tourism in the world is a niche tourism that has more supporters every day. Spain has joined to the group of tourist source countries that in the last few years have a privilege situation in the international context. The purpose of this research is to analyze the position of the cruise sector in Spain and in the international framework and to identify the most demanded destinations by cruise passenger. Cruise tourism is a "mature" product enjoying a growing market. Discover the keys to progress, the cruise ships that arrive to the main ports of Spain and the profile of the Spanish cruise passengers are also described in this study.</subfield>
   </datafield>
   <datafield ind1="8" ind2=" " tag="024">
      <subfield code="a">978-84-16874-22-4</subfield>
   </datafield>
   <datafield ind1="8" ind2=" " tag="024">
      <subfield code="a">http://hdl.handle.net/10630/13358</subfield>
   </datafield>
   <datafield tag="653" ind2=" " ind1=" ">
      <subfield code="a">Viajes por mar</subfield>
   </datafield>
   <datafield tag="653" ind2=" " ind1=" ">
      <subfield code="a">Turismo</subfield>
   </datafield>
   <datafield ind2="0" ind1="0" tag="245">
      <subfield code="a">El progreso del turismo de cruceros en España: de las élites a las masas</subfield>
   </datafield>
</record>
</metadata></record></GetRecord></OAI-PMH>